000 00667nam a2200217Ia 4500
001 1574
003 GE_BSU
008 181216s||||||||xx |||||||||||||| ||und||
040 _cGE_BSU
080 _a69.05(075.8)
245 _aТехнология стоительного производства.
245 _bУчебник для студ. высш. учеб. завед.
245 _cПод ред. Н.А.Смирнова.
260 _aЛ.
260 _bСтройиздат.
260 _c1976.
300 _a526 стр. 21 см.
541 _h15 л.
653 _aТехнология стоительного производства.
942 _cBK
999 _c35701
_d35701